| 000 | 00326nam a2200121Ia 4500 | ||
|---|---|---|---|
| 008 | 210430s9999 xx 000 0 und d | ||
| 082 | _a572 B7891 C | ||
| 100 | _aRodney Boyer | ||
| 245 |
_aConcepts in Biochemistry _cRodney Boyer |
||
| 260 |
_aIslamabad _bNational Book Foundation _c2005 |
||
| 300 | _a720p | ||
| 942 |
_cBK _2ddc |
||
| 999 |
_c562819 _d562819 |
||